Central Library OPAC University of Rajshahi

Contemporary ethical theories / (Record no. 30518)

MARC details
000 -LEADER
fixed length control field 00689nam a2200241 a 4500
001 - CONTROL NUMBER
control field 30518
003 - CONTROL NUMBER IDENTIFIER
rucl marc code BD-RjUL
005 - DATE AND TIME OF LATEST TRANSACTION
control field 20211209051557.0
008 - FIXED-LENGTH DATA ELEMENTS--GENERAL INFORMATION
fixed length control field 140410s1960 1950 nyu b 001 0 eng u
035 ## - SYSTEM CONTROL NUMBER
System control number (BD-RjUL)30604
040 ## - CATALOGING SOURCE
Original cataloging agency AKR
Modifying agency OCL
-- UKM
-- BD-RjUL
Language of cataloging eng
Transcribing agency BD-RjUL
041 ## - LANGUAGE CODE
Language code of text/sound track or separate title eng
082 ## - DEWEY DECIMAL CLASSIFICATION NUMBER
Classification number 171
Edition number 18
Author mark and year HIC 1960
100 1# - MAIN ENTRY--PERSONAL NAME
Personal name Hill, Thomas English.
9 (RLIN) 92719
245 10 - TITLE STATEMENT
Title Contemporary ethical theories /
Statement of responsibility, etc. Thomas English Hill.
260 ## - PUBLICATION, DISTRIBUTION, ETC. (IMPRINT)
Place of publication, distribution, etc. New York :
Name of publisher, distributor, etc. Macmillan,
Date of publication, distribution, etc. 1950.
300 ## - PHYSICAL DESCRIPTION
Pagination xii, 368 p. ;
Size 22 cm.
500 ## - GENERAL NOTE
General note Includes bibliographical references and index.
650 #0 - SUBJECT ADDED ENTRY--TOPICAL TERM
Topical term or geographic name as entry element Ethics.
9 (RLIN) 92720
942 ## - ADDED ENTRY ELEMENTS (KOHA)
Source of classification or shelving scheme Dewey Decimal Classification
Koha item type Books
Holdings
Lost status Source of classification or shelving scheme Damaged status Not for loan Collection code Permanent Location Current Location Shelving location Date acquired Source of acquisition Cost, normal purchase price Total Checkouts Full call number Date last seen Copy number Koha item type
  Dewey Decimal Classification   Not For Loan Non-fiction Central Library, University of Rajshahi Central Library, University of Rajshahi Reading Room 20/01/1962 Zetlinger 41.00   171 HIC 1960 10/04/2014 C-1 Books